| 000 | 00647nam a2200169 i 4500 | ||
|---|---|---|---|
| 001 | 173056 | ||
| 003 | ES-MaACL | ||
| 005 | 20240229062732.0 | ||
| 008 | 091021s1811 sp |||| | spa d | ||
| 110 | 2 |
_aEspaña. _bConsejo de Regencia. _9141473 |
|
| 245 | 1 | 3 | _aEl Consejo de Regencia a la nación española en el aniversario del dos de mayo. |
| 260 |
_aCádiz : _b[s.n.], _c1811 ( _fImp. Real) |
||
| 300 |
_a[8] p. ; _c20 cm. |
||
| 651 | 4 |
_aEspaña- _xHistoria- _y1808-1814, Guerra de la Independencia _98244 |
|
| 852 |
_aES-MaACL _jR-3318(23) _z.- Enc. en un vol. facticio con otras obras formando "Miscelanea patriotica" |
||
| 999 |
_c173056 _d173056 |
||